Statystyki dla Kraje, których stolice stanowią najwiekszy % ludności kraju

Kliknij tutaj aby rozwiązać quiz!

Ogólne statystyki

  • Ten quiz został rozwiązany 627 razy
  • Średni wynik to 6 z 20

Statystyki odpowiedzi

MiejscePaństwo% populacji stolicy wobec ogółu kraju% Poprawnych
3.Watykan100%
93%
1.Monako100%
83%
2.Singapur100%
52%
17.Islandia35,60%
36%
4.Katar66,85%
36%
20.Kuwejt34,78%
29%
9.Tuvalu45,48%
27%
15.Saint Vincent i Grenadyny36,59%
23%
14.Saint Lucia38,40%
22%
7.Wyspy Marshalla48,26%
22%
13.Barbados39,06%
21%
18.Łotwa35,42%
20%
6.Dżibuti54,45%
19%
19.Liban35,25%
18%
5.Bahamy65,97%
17%
11.Urugwaj40,21%
12%
16.Armenia36,29%
11%
8.Surinam47,13%
11%
10.Jordania40,26%
10%
12.Kongo39,19%
7%

Rozkład punktacji

Percentyl według liczby udzielonych odpowiedzi

Procent ludzi z każdym wynikiem

Twoja historia wyników

Nie rozwiązałeś tego quizu